000 00622nam a2200229Ia 4500
003 OSt
005 20220918192026.0
006 a|||||r|||| 00| 0
007 ta
008 220917b |||||||| |||| 00| 0 eng d
024 _a66,561
037 _cTextual
040 _aARTS
_cARTS
_beng
041 _2eng
_aeng
082 _aR3xJ96x, L8.1
100 _aDescartes Rene
245 0 _aPhilosophical works tr byh Elizabeth S Haldane and G R T Ross
260 _aCambridge
_bCUP
_c1978
500 _aIncludes index
942 _hR3xJ96x, L8.1
_cTEXL
_2CC
999 _c192794
_d192794